| 000 | 00391nam a2200145Ia 4500 | ||
|---|---|---|---|
| 008 | 211109s9999||||xx |||||||||||||| ||und|| | ||
| 082 |
_a920 _bVIJ-M |
||
| 100 | _aVijayanathan, M R | ||
| 245 | 0 | _aMahacharithamaala | |
| 260 |
_bNATIONAL BOOKSTALL _aKottayam _c1983 |
||
| 300 | _a97p. | ||
| 630 | _xGeneral Stack | ||
| 650 |
_aHistory _vBiography _xGreat PersonalitiesGeneralia |
||
| 942 | _cBOOK | ||
| 999 |
_c91078 _d91078 |
||